000 01033nam a2200229 a 4500
001 70976
003 BD-RjUL
005 20211209082050.0
008 170423s1993 b a|||| |||| 00| 0 ben d
035 _a(BD-RjUL)71190
040 _aBD-RjUL
_bben
_cBD-RjUL
_dBD-RjUL
041 _aben
082 _223
_bKAP 1993
_a330.092
100 1 0 _aক্যানাভান, বার্নার্ড
_9210025
245 1 0 _aপথিকৃৎ অর্থনীতি /
_cবার্নার্ড ক্যানাভান এবং মু. আ. সাত্তার মন্ডল
260 _aঢাকা :
_bবাংলাদেশ কৃষি গবেষণা কাউন্সিল ও উইনরক ইন্টান্যাশনাল,
_c১৯৯৩
300 _a১৭৫ পৃ. :
_bচিত্র ;
_c২০ সেমি.
650 _aঅর্থনীতিবিদ
_9210026
650 _aeconomist
_9210027
700 _aমন্ডল, মু. আ. সাত্তার
_9210028
942 _2ddc
_cBK
999 _c70976
_d70976